000 00314 a2200109 4500
001 ART_30487
005 20260410162003.0
008 260409a
245 1 0 _aDelegación de facultades legislativas
100 1 _aCastagno, Antonio
773 0 _tForo político
_g- Vol. XVII (ago. 1996)
_wREV30389
999 _c31459
_d31459